Statistics for Bundesliga Champions Best Scorer

Click here to take the quiz!

General Stats

  • This quiz has been taken 288 times
    (98 since last reset)
  • The average score is 12 of 39

Answer Stats

Scorer% Correct
Robert Lewandowski
98%
Gerd Müller
95%
Dieter Müller
94%
Serge Gnabry
81%
Arjen Robben
80%
Mario Gómez
73%
Mario Mandžukić
64%
Grafite
48%
Karl-Heinz Rummenigge
46%
Jürgen Klinsmann
44%
Giovane Élber
42%
Lothar Matthäus
39%
Luca Toni
39%
Roy Makaay
38%
Lucas Barrios
36%
Jupp Heynckes
28%
Aílton
25%
Dieter Hoeneß
24%
Karl-Heinz Riedle
24%
Carsten Jancker
21%
Márcio Amoroso
21%
Kevin Keegan
20%
Allan Simonsen
16%
Horst Hrubesch
15%
Mehmet Scholl
15%
Fritz Walter
14%
Olaf Marschall
13%
Stefan Kuntz
13%
Michael Zorc
12%
Roland Wohlfarth
9%
Wynton Rufer
9%
Adolfo Valencia
6%
Herbert Laumen
4%
Timo Konietzka
4%
Franz Brungs
2%
Karl-Heinz Thielen
0%
Klaus Matischak
0%
Lothar Ulsaß
0%
Peter Reichert
0%

Score Distribution

Percentile by Number Answered

Percent of People with Each Score

Your Score History

You have not taken this quiz since the last reset